000 00700nam a2200265Ia 4500
001 31997
005 20240114001548.0
007 ta
008 060817s1965 a g b000 u 346 u
040 _aCotton College,Assam
041 _a346
082 _a891.443
_bC 392 Sa
100 _aChattopadhya, Sarat Ch. .
245 0 _aSarat Sahitya Sangraha /
_cSarat Ch. Chattopadhya.
_hTextual Documents
250 _a1st ed. /
260 _aCalcutta :
_bM.C. Sarkar & Sons ,
_c1965.
300 _a424p. :
_bill ;
_c23cm .
653 _aBengali Fiction
653 _aG-Bengali
653 _aT/G-Bengali
942 _2ddc
_cBK
999 _c31979
_d31979